Under the blazing sun /

محفوظ في:

المؤلف الرئيسي: Keating, Timothy.

مؤلفون آخرون: Naʻʻūm, Nabīl, 1944-, Acorn, Jonathan.

التنسيق: كتاب

اللغة: English

منشور في: Cairo, Egypt : Zeitouna Press, 2000.

الموضوعات:

الوسوم: إضافة وسم

لا توجد وسوم, كن أول من يضع وسما على هذه التسجيلة!

رقم الطلب: ( L )DT48 .K43 2000

LEADER 00989nam a2200253Ia 4500
003 OSt
005 20240528114425.0
008 020329s2000 ua a b 001 0 eng
952 |0 0  |1 0  |2 lcc  |4 0  |7 1  |9 43738  |a ARCE  |b ARCE  |d 2022-11-24  |l 0  |o ( L )DT48 .K43 2000  |p 1020787  |r 2022-11-24 00:00:00  |w 2022-11-24  |y BK 
999 |c 50195  |d 50195 
020 |a 9775864089 
040 |c ARCE Library 
050 4 |a ( L )DT48 .K43 2000 
100 1 |a Keating, Timothy. 
245 1 0 |a Under the blazing sun /   |c the photographs of Timothy Keating ; the words of Nabil Naoum ; and the poems of Jonathan Acorn. 
264 1 |a Cairo, Egypt :   |b Zeitouna Press,   |c 2000. 
300 |a 1 v. (unpaged) :   |b chiefly ill. ;   |c 23 x 29 cm. 
650 0 |a Architecture, Islamic -- Egypt -- Pictorial works. 
650 0 |a Decoration and ornament, Architectural -- Egypt -- Pictorial works. 
651 0 |a Egypt -- Pictorial works. 
700 1 |a Naʻʻūm, Nabīl,   |d 1944-  
700 1 |a Acorn, Jonathan. 
901 |a reviewed 
942 |2 lcc  |c BK